<?xml version="1.0" encoding="UTF-8"?><?xml-stylesheet type="text/xsl" href="static/style.xsl"?><OAI-PMH xmlns="http://www.openarchives.org/OAI/2.0/" xmlns:xsi="http://www.w3.org/2001/XMLSchema-instance" xsi:schemaLocation="http://www.openarchives.org/OAI/2.0/ http://www.openarchives.org/OAI/2.0/OAI-PMH.xsd"><responseDate>2026-04-14T04:28:28Z</responseDate><request verb="GetRecord" identifier="oai:www.recercat.cat:10230/70923" metadataPrefix="marc">https://recercat.cat/oai/request</request><GetRecord><record><header><identifier>oai:recercat.cat:10230/70923</identifier><datestamp>2025-07-17T17:46:37Z</datestamp><setSpec>com_2072_6</setSpec><setSpec>col_2072_452952</setSpec></header><metadata><record xmlns="http://www.loc.gov/MARC21/slim" xmlns:dcterms="http://purl.org/dc/terms/" xmlns:xsi="http://www.w3.org/2001/XMLSchema-instance" xmlns:doc="http://www.lyncode.com/xoai" xsi:schemaLocation="http://www.loc.gov/MARC21/slim http://www.loc.gov/standards/marcxml/schema/MARC21slim.xsd">
   <leader>00925njm 22002777a 4500</leader>
   <datafield ind2=" " ind1=" " tag="042">
      <subfield code="a">dc</subfield>
   </datafield>
   <datafield ind2=" " ind1=" " tag="720">
      <subfield code="a">Martin-Vicario, Lara</subfield>
      <subfield code="e">author</subfield>
   </datafield>
   <datafield ind2=" " ind1=" " tag="720">
      <subfield code="a">Gómez Puertas, Lorena, 1978-</subfield>
      <subfield code="e">author</subfield>
   </datafield>
   <datafield ind2=" " ind1=" " tag="260">
      <subfield code="c">2025-07-16T07:28:09Z</subfield>
   </datafield>
   <datafield ind2=" " ind1=" " tag="260">
      <subfield code="c">2025-07-16T07:28:09Z</subfield>
   </datafield>
   <datafield ind2=" " ind1=" " tag="260">
      <subfield code="c">2025</subfield>
   </datafield>
   <datafield ind2=" " ind1=" " tag="520">
      <subfield code="a">Mobile health (mHealth) applications for weight loss have become increasingly prominent, yet their role in perpetuating weight stigma and fat-shaming remains underexamined in sociological research. This study investigates how the persuasive discourse within app store descriptions of 95 weight loss apps may contribute to stigmatizing narratives about fatness and body weight. Drawing on qualitative content analysis, we identify two primary mechanisms of stigmatization: (1) the lack of body diversity in app imagery, which reinforces narrow esthetic norms and ideals; and (2) the moralization of body weight, whereby fatness is implicitly or explicitly associated with personal failure and social undesirability. We also highlight how the commercial imperatives driving these apps often promote a neoliberal logic of individual responsibility and bodily optimization, framing health as a market-driven pursuit. Recognizing the stigmatizing potential of commercial mHealth tools is essential for mitigating harm and promoting more inclusive and equitable representations of bodies in digital health culture and public health discourse.</subfield>
   </datafield>
   <datafield ind1="8" ind2=" " tag="024">
      <subfield code="a">http://hdl.handle.net/10230/70923</subfield>
   </datafield>
   <datafield ind2="0" ind1="0" tag="245">
      <subfield code="a">Weight stigma and fat‐shaming in weight loss apps: an analysis of app store discourses</subfield>
   </datafield>
</record></metadata></record></GetRecord></OAI-PMH>